Statistics for Obfuscations of Popular Cliches #2

Click here to take the quiz!

General Stats

  • This quiz has been taken 32,139 times
  • The average score is 9 of 15

Answer Stats

ObfuscationSaying% Correct
A canine is the optimum compatriot of a male homo sapienA dog is a man's best friend
98%
Sanguine fluid has a higher viscosity than dihydrogen monoxideBlood is thicker than water
86%
The domicile has the same location as the cardiac organHome is where the heart is
72%
The writing utensil is more potent than the cutlassThe pen is mightier than the sword
72%
A culinary vessel with a human observer will never attain
a temperature greater than 100 degrees Celsius
A watched pot never boils
71%
A dyad is necessary to perform an Argentinian danceIt takes two to tango
70%
Reprisal is a cuisine whose optimal temperature is frigidRevenge is a dish best served cold
68%
The profundity of comeliness does not extend beyond the dermal layerBeauty is only skin deep
63%
Those who are morally pure expire prior to becoming geriatricThe good die young
60%
Don't scrutinize the oral cavity of a complimentary equine Don’t look a gift horse in the mouth
59%
Nosh, quaff, and be jocundEat, drink, and be merry
52%
There does not exist repose for those who are villainousThere's no rest for the wicked
52%
Vocalization has meager monetary valueTalk is cheap
49%
All atmospheric condensation has an argent layerEvery cloud has a silver lining
44%
Excessive briskness causes an unnecessary expenditure of resourcesHaste makes waste
26%

Score Distribution

Percentile by Number Answered

Percent of People with Each Score

Your Score History

You have not taken this quiz